[Event "World Blitz Championship"]
[Site "St Petersburg RUS"]
[Date "2018.12.29"]
[EventDate "?"]
[Round "10"]
[Result "1-0"]
[White "Murtas Muratovich Kazhgaleyev"]
[Black "Pentala Harikrishna"]
[WhiteElo "2553"]
[BlackElo "2702"]
[PlyCount "74"]

1. d4 Nf6 2. c4 e6 3. Nf3 d5 4. Nc3 Bb4 5. Qb3 c5 6. dxc5 Nc6
7. Bg5 Qa5 8. Bxf6 dxc4 9. Qxc4 gxf6 10. Rc1 Qxc5 11. Qh4 Ke7
12. g3 Bxc3+ 13. bxc3 Qa3 14. Rc2 e5 15. Bh3 Bxh3 16. Qxh3
Rac8 17. O-O Nd4 18. Nxd4 exd4 19. Rb1 b6 20. Rb3 Qa5 21. Qg4
dxc3 22. Qf3 Rhd8 23. Rbxc3 Rxc3 24. Rxc3 Rd1+ 25. Kg2 Qd5
26. Rc7+ Ke6 27. e4 Qd8 28. Qg4+ Kd6 29. Rxa7 Kc5 30. Rxf7 Qd3
31. Qf5+ Kb4 32. Kh3 Qf1+ 33. Kh4 Qg2 34. h3 Rd4 35. Rxf6
Rxe4+ 36. Qxe4+ Qxe4+ 37. Rf4 Qd4 1-0

[Event "World Blitz Championship"]
[Site "St Petersburg RUS"]
[Date "2018.12.29"]
[EventDate "?"]
[Round "11"]
[Result "0-1"]
[White "Pentala Harikrishna"]
[Black "Robert Hovhannisyan"]
[WhiteElo "2702"]
[BlackElo "2588"]
[PlyCount "254"]

1. e4 e5 2. Nf3 Nc6 3. Bc4 Bc5 4. c3 Nf6 5. d3 d6 6. a4 a5
7. Bg5 h6 8. Bh4 O-O 9. O-O Ba7 10. Na3 g5 11. Bg3 Nh7 12. Nb5
Bb6 13. d4 Qf6 14. Re1 h5 15. h4 Bg4 16. Be2 Bxf3 17. Bxf3 g4
18. dxe5 Nxe5 19. Be2 Ng6 20. Bd3 Rae8 21. Na3 Nxh4 22. Nc4
Ng6 23. e5 dxe5 24. Bxg6 fxg6 25. Qd5+ Qf7 26. Nxb6 cxb6
27. Rxe5 Qxd5 28. Rxd5 Re6 29. Rad1 Nf6 30. Rd6 Rfe8 31. Rxe6
Rxe6 32. f3 gxf3 33. gxf3 Kf7 34. Rd8 Re2 35. Rb8 Rxb2
36. Rxb7+ Ke6 37. c4 Nd7 38. Bf2 Rb4 39. Rc7 Rxa4 40. Rc6+ Kf5
41. Rd6 Ne5 42. Rd5 Ke6 43. f4 Nxc4 44. Rg5 Kf7 45. Kf1 Nd6
46. Rd5 Nf5 47. Bxb6 Rxf4+ 48. Ke2 a4 49. Ra5 h4 50. Ra7+ Ke6
51. Ra6 Kd5 52. Bc7 Re4+ 53. Kf3 Nd4+ 54. Kg2 Nb5 55. Bd8 a3
56. Kh3 Kc4 57. Ra4+ Kd3 58. Ra5 Kc4 59. Ra4+ Kd5 60. Ra5 Kc5
61. Bxh4 Kb4 62. Ra6 Kb3 63. Ra5 Re5 64. Bf6 Rf5 65. Bg7 a2
66. Kg4 Na3 67. Ra6 Rf1 68. Bd4 Nb5 69. Bh8 Rg1+ 70. Kf4 g5+
71. Kf5 g4 72. Kf4 Na3 73. Rb6+ Kc4 74. Ra6 Kb4 75. Bg7 Rf1+
76. Kg3 Rg1+ 77. Kf4 Kb3 78. Rb6+ Kc4 79. Ra6 Rf1+ 80. Kg3
a1=Q 81. Bxa1 Rxa1 82. Kxg4 Kb4 83. Ra8 Rf1 84. Kh4 Nc4
85. Ra7 Kc5 86. Ra8 Kd5 87. Ra7 Ke4 88. Re7+ Ne5 89. Ra7 Nf3+
90. Kg3 Rg1+ 91. Kf2 Rb1 92. Re7+ Ne5 93. Re8 Rb3 94. Ke2 Rb2+
95. Ke1 Ra2 96. Kd1 Kd3 97. Rd8+ Ke3 98. Re8 Rd2+ 99. Kc1 Rd5
100. Kc2 Rc5+ 101. Kb3 Kd2 102. Rh8 Rc3+ 103. Kb4 Nc6+
104. Kb5 Nd4+ 105. Kb6 Rc6+ 106. Kb7 Kd3 107. Rh1 Rf6 108. Kc7
Ke4 109. Kd8 Kd5 110. Rd1 Rf7 111. Ke8 Ra7 112. Kd8 Ke5
113. Re1+ Kd6 114. Ke8 Nf3 115. Rd1+ Ke6 116. Kd8 Ne5 117. Kc8
Rh7 118. Rd2 Nc4 119. Rd1 Nd6+ 120. Kb8 Rb7+ 121. Ka8 Rb4
122. Ka7 Kd7 123. Rc1 Nc4 124. Rh1 Kc6 125. Rh6+ Nd6 126. Rg6
Rh4 127. Rf6 Kc7 0-1

[Event "World Blitz Championship"]
[Site "St Petersburg RUS"]
[Date "2018.12.29"]
[EventDate "?"]
[Round "12"]
[Result "1-0"]
[White "Rustam Khusnutdinov"]
[Black "Pentala Harikrishna"]
[WhiteElo "2582"]
[BlackElo "2702"]
[PlyCount "105"]

1. Nc3 d5 2. e4 dxe4 3. Nxe4 e5 4. Nf3 Nf6 5. Nxf6+ Qxf6
6. Bc4 Nc6 7. d3 Bg4 8. c3 Be7 9. h3 Bh5 10. g4 Bg6 11. Bg5
Qd6 12. Qe2 O-O-O 13. O-O-O e4 14. dxe4 Bxg5+ 15. Nxg5 Qf4+
16. Qe3 Qxe3+ 17. fxe3 Rxd1+ 18. Rxd1 Ne5 19. Be2 Re8 20. Rd4
f6 21. Nf3 Nc6 22. Ra4 Bxe4 23. Nd4 Nxd4 24. cxd4 Bg2 25. Kd2
Bxh3 26. Rxa7 Kb8 27. Ra5 g6 28. Bf3 Bf1 29. Rc5 Re7 30. a4 b6
31. Rc1 Ba6 32. b4 Bc8 33. Re1 Bd7 34. a5 bxa5 35. bxa5 Ka7
36. Rc1 Bb5 37. Rc5 Be8 38. e4 c6 39. Ke3 Rb7 40. e5 Rb3+
41. Kf2 fxe5 42. Rxe5 Rb8 43. Be2 Rd8 44. Re7+ Kb8 45. Ke3 Bd7
46. Rxh7 Re8+ 47. Kd2 Bc8 48. g5 Rd8 49. Kc3 Rd5 50. a6 c5
51. a7+ Ka8 52. Bf3 cxd4+ 53. Kd2 1-0

[Event "TCh-POL Ekstraliga"]
[Site "Katowice POL"]
[Date "2019.??.??"]
[EventDate "?"]
[Round "5.5"]
[Result "0-1"]
[White "Kacper Piorun"]
[Black "Pentala Harikrishna"]
[WhiteElo "2660"]
[BlackElo "2738"]
[PlyCount "82"]

1. e4 e5 2. Nf3 Nc6 3. Bc4 Bc5 4. c3 Nf6 5. d4 exd4 6. e5 d5
7. Be2 Ne4 8. cxd4 Bb4+ 9. Bd2 Nxd2 10. Nbxd2 O-O 11. O-O f6
12. Nb3 Re8 13. Bb5 Bg4 14. Bxc6 bxc6 15. Qd3 Bxf3 16. Qxf3
fxe5 17. dxe5 Rxe5 18. Rac1 Qd7 19. Nc5 Bxc5 20. Rxc5 Rae8
21. Rc2 Re1 22. h3 d4 23. Qd3 Qd5 24. b3 R8e6 25. Rc4 c5
26. Rc2 a5 27. Rc1 Rg6 28. g3 Rxf1+ 29. Rxf1 Re6 30. Rc1 h6
31. h4 Re5 32. Kh2 Kf7 33. Kg1 c6 34. Qa6 d3 35. Qxa5 d2
36. Rd1 Re2 37. Qc3 Qe4 38. Rf1 Kg8 39. Qa5 Qd3 40. Rd1 Qd4
41. Qa8+ Kh7 0-1

[Event "Champions Showdown"]
[Site "St Louis, MO USA"]
[Date "2019.02.24"]
[EventDate "2019.02.23"]
[Round "13.1"]
[Result "1/2-1/2"]
[White "Pentala Harikrishna"]
[Black "Fabiano Caruana"]
[WhiteElo "2726"]
[BlackElo "2828"]
[PlyCount "182"]

1. e4 e6 2. d4 d5 3. Nc3 Bb4 4. exd5 exd5 5. Bd3 Nf6 6. Ne2
O-O 7. O-O c6 8. h3 Re8 9. a3 Bd6 10. Bf4 Ne4 11. Bxe4 dxe4
12. Re1 f5 13. d5 Bxf4 14. Nxf4 Qg5 15. g3 Qf6 16. f3 Nd7
17. fxe4 Ne5 18. Kg2 Bd7 19. exf5 Bxf5 20. Ne4 Qh6 21. Qh5
Qxh5 22. Nxh5 Bxe4+ 23. Rxe4 cxd5 24. Re2 Nc4 25. Rae1 Rxe2+
26. Rxe2 Kf7 27. c3 Rd8 28. Rf2+ Kg8 29. Nf4 Rd6 30. a4 g6
31. b3 Ne3+ 32. Kf3 Nf5 33. g4 Ne7 34. Rd2 Kf7 35. c4 d4
36. c5 Rf6 37. Ke4 Nc6 38. b4 Nxb4 39. Rxd4 Na6 40. Rd7+ Ke8
41. Rxh7 Nxc5+ 42. Ke5 Ra6 43. Nd5 Nd7+ 44. Kf4 Rxa4+ 45. Kg3
Nc5 46. Nf6+ Kd8 47. h4 b5 48. h5 gxh5 49. gxh5 Ra6 50. Rh8+
Ke7 51. Nd5+ Kf7 52. Rb8 Ra3+ 53. Kf4 a6 54. h6 Rh3 55. Rc8
Ne6+ 56. Ke5 Rxh6 57. Rc6 Rh5+ 58. Kd6 Rh6 59. Ke5 a5 60. Nf4
Nxf4 61. Rxh6 Ng6+ 62. Kd4 b4 63. Rh5 a4 64. Rb5 b3 65. Rb4
Nf4 66. Rxa4 Ne6+ 67. Kc3 Kf6 68. Ra5 Ke7 69. Kxb3 Kd6 70. Kc4
Kc6 71. Ra6+ Kd7 72. Rb6 Ke7 73. Kd5 Nc7+ 74. Ke5 Kd7 75. Rd6+
Ke7 76. Rd1 Ne6 77. Rd2 Nc7 78. Rd6 Ne8 79. Re6+ Kd7 80. Rh6
Nc7 81. Kd4 Ne6+ 82. Ke4 Nc7 83. Ke5 Nb5 84. Rb6 Nc7 85. Rd6+
Ke7 86. Rc6 Kd7 87. Rc5 Ne8 88. Rd5+ Ke7 89. Ra5 Nc7 90. Ra7
Kd7 91. Rxc7+ Kxc7 1/2-1/2

[Event "Champions Showdown"]
[Site "St Louis, MO USA"]
[Date "2019.02.24"]
[EventDate "2019.02.23"]
[Round "16.1"]
[Result "0-1"]
[White "Fabiano Caruana"]
[Black "Pentala Harikrishna"]
[WhiteElo "2828"]
[BlackElo "2726"]
[PlyCount "66"]

1. d4 Nf6 2. c4 e6 3. Nc3 Bb4 4. e3 O-O 5. Ne2 c6 6. a3 Ba5
7. b4 Bc7 8. Bb2 d5 9. Ng3 Nbd7 10. Rc1 Re8 11. cxd5 exd5
12. Bd3 Nf8 13. b5 Ng4 14. Be2 Qh4 15. Bxg4 Bxg4 16. Qd2 Bxg3
17. fxg3 Qg5 18. O-O Qxe3+ 19. Qxe3 Rxe3 20. bxc6 bxc6 21. Na4
Rc8 22. Nc5 Ne6 23. Rfe1 Rxe1+ 24. Rxe1 Rb8 25. Bc3 Nxc5
26. dxc5 Be6 27. Re2 Rb1+ 28. Kf2 h5 29. Rb2 Rc1 30. Bd4 Rc4
31. Ke3 Ra4 32. Rb3 Kh7 33. Bb2 d4+ 0-1

[Event "Eurasia Karjakin - Harikrishna Rapid & Blitz Match"]
[Site "Yekaterinburg RUS"]
[Date "2019.07.31"]
[EventDate "2019.07.31"]
[Round "1"]
[Result "1/2-1/2"]
[White "Pentala Harikrishna"]
[Black "Sergey Karjakin"]
[WhiteElo "2734"]
[BlackElo "2748"]
[PlyCount "125"]

1. d4 Nf6 2. c4 e6 3. g3 Bb4+ 4. Nd2 c5 5. Nf3 cxd4 6. Nxd4
Nc6 7. Nxc6 bxc6 8. Bg2 O-O 9. O-O d5 10. Nf3 a5 11. Qc2 Ba6
12. b3 h6 13. Bb2 Be7 14. Rfd1 Qb6 15. Rac1 a4 16. Ne5 axb3
17. axb3 Rfc8 18. e3 Rab8 19. Rd3 Rd8 20. Ba1 Nd7 21. Nxd7
Rxd7 22. Be5 Rbd8 23. Rdd1 Rb7 24. cxd5 exd5 25. Qxc6 Qxc6
26. Rxc6 Be2 27. Rxd5 Rxb3 28. Rxd8+ Bxd8 29. h3 Rb5 30. f4 f6
31. Bd4 Rb8 32. Bd5+ Kf8 33. Ba7 Rb1+ 34. Kf2 Bb5 35. Rc8 Ke7
36. Bc5+ Kd7 37. Ra8 Rf1+ 38. Kg2 Rc1 39. Ra7+ Bc7 40. Bf8
Rc2+ 41. Kf3 g6 42. Ra2 Rxa2 43. Bxa2 Bc6+ 44. Ke2 h5 45. Bf7
Be4 46. h4 Ba5 47. Bc5 Kd8 48. Ba3 Bc3 49. Bc4 Ke8 50. Bc1 Ke7
51. Bd2 Bxd2 52. Kxd2 f5 53. Kc3 Kf6 54. Kd4 Bf3 55. Kc5 Bd1
56. Kd6 Ba4 57. Bd5 Bb5 58. Bb3 Be8 59. Bd5 Ba4 60. Bc6 Bb3
61. Kd7 Kf7 62. Kd8 Bc4 63. Kd7 1/2-1/2

[Event "Eurasia Karjakin - Harikrishna Rapid & Blitz Match"]
[Site "Yekaterinburg RUS"]
[Date "2019.07.31"]
[EventDate "2019.07.31"]
[Round "2"]
[Result "1/2-1/2"]
[White "Sergey Karjakin"]
[Black "Pentala Harikrishna"]
[WhiteElo "2748"]
[BlackElo "2734"]
[PlyCount "53"]

1. e4 e5 2. Nf3 Nc6 3. Bb5 a6 4. Ba4 Nf6 5. O-O Be7 6. d3 b5
7. Bb3 d6 8. a3 Na5 9. Ba2 c5 10. Nc3 Be6 11. Nh4 O-O 12. Nf5
Bxf5 13. exf5 d5 14. Bg5 c4 15. dxc4 dxc4 16. Bxf6 Qxd1
17. Rfxd1 Bxf6 18. Ne4 Rfd8 19. c3 Be7 20. Kf1 Nb7 21. Ke2 Kf8
22. a4 Rxd1 23. Rxd1 Rd8 24. Ra1 Nd6 25. Nxd6 Rxd6 26. g3 Bg5
27. Rd1 1/2-1/2

[Event "Eurasia Karjakin - Harikrishna Rapid & Blitz Match"]
[Site "Yekaterinburg RUS"]
[Date "2019.07.31"]
[EventDate "2019.07.31"]
[Round "1"]
[Result "1/2-1/2"]
[White "Pentala Harikrishna"]
[Black "Sergey Karjakin"]
[WhiteElo "2734"]
[BlackElo "2748"]
[PlyCount "137"]

1. d4 Nf6 2. c4 e6 3. g3 Bb4+ 4. Nd2 c5 5. dxc5 Bxc5 6. Nb3
Be7 7. Bg2 O-O 8. Nf3 Nc6 9. O-O b6 10. Nfd4 Bb7 11. Bf4 d5
12. Nxc6 Bxc6 13. Nd4 Bb7 14. Qa4 a6 15. Rfd1 Rc8 16. cxd5 b5
17. Qb3 Bxd5 18. Bxd5 Qxd5 19. Nf3 Qe4 20. Qd3 Rfd8 21. Qxe4
Nxe4 22. Rxd8+ Rxd8 23. Rc1 f6 24. Be3 e5 25. Rc7 Kf8 26. Ra7
Rd6 27. Kg2 Rc6 28. Ne1 Nd6 29. Nd3 Nf5 30. Kf3 h5 31. h3 Rc4
32. Kg2 g5 33. Rxa6 Nxe3+ 34. fxe3 e4 35. Nf2 Kf7 36. g4 hxg4
37. hxg4 Rc2 38. Nxe4 Rxe2+ 39. Kf3 Rxb2 40. Nc3 b4 41. Nd5
Rd2 42. Ke4 Bc5 43. Rxf6+ Ke8 44. Rc6 Bf8 45. Rc8+ Kf7 46. Ra8
Bd6 47. Ra6 Bf8 48. Ra5 Ke6 49. Nc7+ Kf7 50. Nd5 Bd6 51. Nb6
Be7 52. Nc4 Rg2 53. Ne5+ Kg7 54. Ra7 Kf6 55. Ra6+ Kg7 56. Ra7
Kf6 57. Nc6 Bd6 58. Kd5 Rd2+ 59. Nd4 Bh2 60. Ra6+ Kf7 61. Kc4
Rg2 62. Kxb4 Rxg4 63. Kc3 Rg2 64. Nf3 g4 65. Nxh2 Rxh2 66. Kd3
g3 67. Ra4 Rf2 68. Rg4 Rxa2 69. Rxg3 1/2-1/2

[Event "Eurasia Karjakin - Harikrishna Rapid & Blitz Match"]
[Site "Yekaterinburg RUS"]
[Date "2019.07.31"]
[EventDate "2019.07.31"]
[Round "2"]
[Result "1-0"]
[White "Sergey Karjakin"]
[Black "Pentala Harikrishna"]
[WhiteElo "2748"]
[BlackElo "2734"]
[PlyCount "101"]

1. Nf3 d5 2. b3 Nf6 3. Bb2 c6 4. c4 Bg4 5. d3 Bxf3 6. gxf3 e6
7. Nd2 Nbd7 8. f4 Bd6 9. e3 Qe7 10. d4 Ba3 11. Bxa3 Qxa3
12. Bg2 O-O 13. O-O Rfd8 14. Qc1 Qxc1 15. Rfxc1 Rac8 16. b4 h6
17. a4 g5 18. fxg5 hxg5 19. h3 Kf8 20. Nf3 g4 21. hxg4 Nxg4
22. Kf1 Ke7 23. Ke2 Ndf6 24. Nd2 Rh8 25. Rh1 Rcg8 26. a5 Rxh1
27. Bxh1 Rh8 28. Bg2 e5 29. dxe5 Nxe5 30. cxd5 Nxd5 31. Bxd5
cxd5 32. Rc1 Kd6 33. Nb3 b6 34. Nd4 bxa5 35. Nb5+ Ke6 36. bxa5
a6 37. Nc7+ Kd6 38. Nxa6 Nc6 39. Rb1 Nxa5 40. Rb6+ Ke5 41. Nc5
Rd8 42. Rh6 Nc4 43. Kd3 Nb2+ 44. Ke2 Nc4 45. Nd3+ Kf5 46. Rh5+
Kf6 47. Nb4 d4 48. Rh4 Nxe3 49. fxe3 dxe3 50. Kxe3 Ke7
51. Nc6+ 1-0

[Event "Eurasia Karjakin - Harikrishna Rapid & Blitz Match"]
[Site "Yekaterinburg RUS"]
[Date "2019.07.31"]
[EventDate "2019.07.31"]
[Round "3"]
[Result "1/2-1/2"]
[White "Pentala Harikrishna"]
[Black "Sergey Karjakin"]
[WhiteElo "2734"]
[BlackElo "2748"]
[PlyCount "109"]

1. d4 Nf6 2. c4 e6 3. g3 Bb4+ 4. Nd2 c5 5. dxc5 Bxc5 6. Bg2
O-O 7. Ngf3 Nc6 8. O-O b6 9. b3 Bb7 10. Bb2 Be7 11. Qc2 h6
12. Rac1 Rc8 13. Rfd1 Qc7 14. Ne4 Nb4 15. Nxf6+ Bxf6 16. Qd2
Bxb2 17. Qxb2 Rfd8 18. Rd4 Bxf3 19. Bxf3 Nc6 20. Rd2 Ne5
21. Bg2 d6 22. Rcd1 Rd7 23. Qa3 Rcd8 24. Qa4 Qc5 25. h3 h5
26. e3 Kf8 27. Rd4 a5 28. Be4 Rc7 29. a3 Nc6 30. R4d2 Ne7
31. h4 Rcc8 32. Rd4 Ng8 33. b4 axb4 34. axb4 Qc7 35. Qb5 Nf6
36. Bf3 e5 37. R4d2 Qxc4 38. Qxb6 Rb8 39. Qa5 Qxb4 40. Qxb4
Rxb4 41. Rxd6 Rxd6 42. Rxd6 Ke7 43. Rd2 g6 44. Kg2 Ne4 45. Rc2
Nd6 46. Bd5 e4 47. Rc7+ Kf6 48. Rd7 Rb6 49. Kh3 Ra6 50. g4
hxg4+ 51. Kxg4 Rb6 52. Kf4 Ra6 53. Rc7 Ra5 54. Bxe4 Nxe4
55. Kxe4 1/2-1/2

[Event "Eurasia Karjakin - Harikrishna Rapid & Blitz Match"]
[Site "Yekaterinburg RUS"]
[Date "2019.07.31"]
[EventDate "2019.07.31"]
[Round "4"]
[Result "1/2-1/2"]
[White "Sergey Karjakin"]
[Black "Pentala Harikrishna"]
[WhiteElo "2748"]
[BlackElo "2734"]
[PlyCount "92"]

1. d4 Nf6 2. c4 e6 3. Nf3 b6 4. g3 Ba6 5. b3 Bb4+ 6. Bd2 Be7
7. Bg2 d5 8. cxd5 exd5 9. O-O O-O 10. Nc3 Re8 11. a3 Nbd7
12. b4 Bb7 13. Qb3 Bd6 14. Bg5 h6 15. Bxf6 Nxf6 16. e3 c6
17. Rfc1 Qe7 18. Nd2 a6 19. Re1 Rad8 20. Rac1 Bc8 21. e4 dxe4
22. Ncxe4 Be6 23. Qa4 Nxe4 24. Nxe4 Bd5 25. Re3 b5 26. Qc2 Qd7
27. Rce1 Bf8 28. Nc5 Rxe3 29. Rxe3 Qc8 30. Bxd5 Rxd5 31. Nb3
h5 32. Rc3 Rd6 33. Na5 h4 34. Rxc6 Qe6 35. Rxd6 Bxd6 36. Kf1
h3 37. Nb3 Qd5 38. Ke2 Qg2 39. Qc8+ Kh7 40. Qf5+ Kg8 41. Nc5
Qxh2 42. Qc8+ Kh7 43. Qf5+ Kg8 44. Qc8+ Kh7 45. Qf5+ Kg8
46. Qc8+ Kh7 1/2-1/2

[Event "European Club Cup"]
[Site "Ulcinj MNE"]
[Date "2019.11.15"]
[EventDate "2019.11.10"]
[Round "6.4"]
[Result "1/2-1/2"]
[White "Rauf Mamedov"]
[Black "Pentala Harikrishna"]
[WhiteElo "2648"]
[BlackElo "2731"]
[PlyCount "108"]

1. e4 e6 2. d4 d5 3. Nd2 c5 4. Ngf3 Nc6 5. exd5 exd5 6. Bb5
Qe7+ 7. Be2 Qc7 8. O-O Nf6 9. Bb5 cxd4 10. Re1+ Be7 11. Qe2 a6
12. Bxc6+ bxc6 13. b4 Be6 14. Nxd4 O-O 15. Nxe6 fxe6 16. Qxe6+
Rf7 17. Bb2 Bxb4 18. Bxf6 Bxd2 19. Re2 Bf4 20. Be5 Bxe5
21. Rxe5 Rf8 22. Rb1 h6 23. f3 Kh7 24. Ree1 Rf4 25. Qe3 Qf7
26. Qd3+ Qg6 27. Re7 Qxd3 28. cxd3 R8f7 29. Rxf7 Rxf7 30. Rb6
c5 31. Rc6 Rb7 32. Rxc5 Rb1+ 33. Kf2 Rb2+ 34. Kg3 Rxa2
35. Rxd5 a5 36. h4 a4 37. Ra5 Rd2 38. Rxa4 Rxd3 39. h5 Kg8
40. Kf4 Kf7 41. g4 Rd5 42. Ke4 Rb5 43. Ra7+ Kf6 44. Ra6+ Kf7
45. Rd6 Ra5 46. Rd5 Ra4+ 47. Kf5 Ra7 48. f4 Rc7 49. Ra5 Rb7
50. g5 hxg5 51. fxg5 g6+ 52. hxg6+ Kg7 53. Ra6 Rb5+ 54. Kg4
Rb1 1/2-1/2

[Event "Prague Chess Festival (Masters)"]
[Site "Prague CZE"]
[Date "2020.02.18"]
[EventDate "2020.02.11"]
[Round "6"]
[Result "1/2-1/2"]
[White "Pentala Harikrishna"]
[Black "David Anton Guijarro"]
[WhiteElo "2713"]
[BlackElo "2697"]
[PlyCount "60"]

1. d4 Nf6 2. c4 e6 3. g3 d5 4. Bg2 Bb4+ 5. Nd2 O-O 6. Ngf3
dxc4 7. a3 Bxd2+ 8. Bxd2 Nc6 9. e3 b5 10. b3 Bb7 11. bxc4 bxc4
12. O-O Ne7 13. Qc2 c5 14. Qxc4 cxd4 15. Qxd4 Qxd4 16. Nxd4
Bxg2 17. Kxg2 Rfc8 18. Rfc1 h6 19. Nb5 Ne4 20. Be1 a6 21. Nc7
Ra7 22. Ba5 Rb8 23. Ra2 Rb3 24. Rc4 Nd6 25. Rb4 Rxb4 26. axb4
Nc4 27. Rc2 Nxa5 28. bxa5 Kf8 29. f4 Nf5 30. Rc6 Ke7 1/2-1/2

[Event "World Stars Sharjah Online International"]
[Site "ICC International"]
[Date "2020.06.12"]
[EventDate "2020.06.12"]
[Round "1"]
[Result "1/2-1/2"]
[White "Rustam Kasimdzhanov"]
[Black "Pentala Harikrishna"]
[WhiteElo "2661"]
[BlackElo "2719"]
[PlyCount "42"]

1. e4 c5 2. Nc3 e6 3. f4 d5 4. Nf3 dxe4 5. Nxe4 Nc6 6. g3 Be7
7. Bg2 Nf6 8. Qe2 O-O 9. c3 Qc7 10. O-O b6 11. Nf2 Bb7 12. Re1
Rad8 13. d3 Rd7 14. Bd2 Rfd8 15. Rad1 Bf8 16. Bc1 Ne7 17. Ne5
Rd6 18. Nc4 R6d7 19. Ne5 Rd6 20. Nc4 R6d7 21. Ne5 Rd6 1/2-1/2

[Event "World Stars Sharjah Online International"]
[Site "ICC International"]
[Date "2020.06.12"]
[EventDate "2020.06.12"]
[Round "2"]
[Result "0-1"]
[White "Bassem Amin"]
[Black "Pentala Harikrishna"]
[WhiteElo "2686"]
[BlackElo "2719"]
[PlyCount "76"]

1. e4 c5 2. Nf3 e6 3. d3 Nc6 4. g3 Nf6 5. Bg2 d6 6. O-O Be7
7. Re1 O-O 8. c3 Bd7 9. Nbd2 Qc7 10. a3 Ne5 11. Qe2 Nxf3+
12. Nxf3 Bc6 13. Bf4 b5 14. Nd2 e5 15. Bg5 h6 16. Bxf6 Bxf6
17. Nf1 g6 18. h4 h5 19. Ne3 Bg7 20. b4 Qb6 21. g4 Qd8
22. gxh5 Qxh4 23. Qg4 Qxg4 24. Nxg4 f5 25. Ne3 f4 26. Nd5 Bxd5
27. exd5 f3 28. Bh3 cxb4 29. axb4 gxh5 30. Ra6 Rf6 31. Kh1 Kh8
32. Re4 Bh6 33. Be6 Bd2 34. Rh4 Kg7 35. Rxd6 a5 36. bxa5 Rxa5
37. Rxh5 Bf4 38. Rd7+ Kg6 0-1

[Event "World Stars Sharjah Online International"]
[Site "ICC International"]
[Date "2020.06.12"]
[EventDate "2020.06.12"]
[Round "3"]
[Result "0-1"]
[White "Pentala Harikrishna"]
[Black "Shakhriyar Mamedyarov"]
[WhiteElo "2719"]
[BlackElo "2764"]
[PlyCount "82"]

1. e4 e5 2. Nf3 Nc6 3. Bb5 a6 4. Ba4 Nf6 5. d3 b5 6. Bb3 Bc5
7. Nc3 h6 8. a4 Rb8 9. axb5 axb5 10. Nd5 d6 11. h3 O-O 12. O-O
Nxd5 13. Bxd5 Ne7 14. Bb3 Ng6 15. Be3 Qf6 16. Nh2 Bxe3
17. fxe3 Qg5 18. Kf2 Nh4 19. Rg1 Kh8 20. Nf3 Nxf3 21. Qxf3 f5
22. Ke2 Bb7 23. Rgf1 Rf6 24. Ra7 Rbf8 25. h4 fxe4 26. hxg5
exf3+ 27. gxf3 Bxf3+ 28. Kd2 hxg5 29. Rxc7 g4 30. Rg1 Rh6
31. Kc3 Rh1 32. Rg3 Rf6 33. Re7 Rh3 34. Rg1 g3 35. Be6 b4+
36. Kxb4 Rh4+ 37. e4 g2 38. Ra1 Rxe6 39. Rxe6 Rh1 40. Re8+ Kh7
41. Rea8 Bd1 0-1

[Event "World Stars Sharjah Online International"]
[Site "ICC International"]
[Date "2020.06.12"]
[EventDate "2020.06.12"]
[Round "4"]
[Result "1/2-1/2"]
[White "A R Saleh Salem"]
[Black "Pentala Harikrishna"]
[WhiteElo "2682"]
[BlackElo "2719"]
[PlyCount "152"]

1. d4 d5 2. c4 e6 3. Nf3 Nf6 4. g3 dxc4 5. Bg2 c6 6. Ne5 Bb4+
7. Nc3 c5 8. a3 Bxc3+ 9. bxc3 cxd4 10. O-O O-O 11. cxd4 Nc6
12. Nxc6 bxc6 13. Qa4 Nd5 14. Qxc4 Qa5 15. Qc2 Qc3 16. Qxc3
Nxc3 17. Re1 Ba6 18. Bf3 f5 19. Bd2 Ne4 20. Bf4 Rfd8 21. Be5
Rac8 22. Rac1 Nd2 23. Rc3 Nxf3+ 24. exf3 Rd5 25. Rec1 c5
26. Rxc5 Rcxc5 27. Rxc5 Rxc5 28. dxc5 Bb7 29. f4 Kf7 30. Kf1
g6 31. Ke2 h6 32. Kd3 Ke7 33. Kc4 Ba6+ 34. Kb4 Kd7 35. Bb8 Kc6
36. Bxa7 Bf1 37. Bb8 h5 38. Be5 Kd5 39. Bf6 Be2 40. Be7 Bf1
41. Ka5 Kc6 42. Bd6 Be2 43. Kb4 Kd5 44. Kc3 Bb5 45. Kb3 Ba6
46. Kc3 Bb5 47. Kd2 Ke4 48. Kc3 Kd5 49. Be7 Ba6 50. Kd2 Bb5
51. Ke3 Kc4 52. Bd6 Bc6 53. Bf8 Bb5 54. Be7 Bc6 55. Kd2 Bb5
56. Ke2 Bc6 57. Ke3 Bb5 58. f3 Bc6 59. Kf2 Kb3 60. Kg2 Kxa3
61. Kh3 Ka4 62. Kh4 Bxf3 63. Kg5 Kb5 64. Kxg6 Kc6 65. Kf6 Kd7
66. Bd6 Be2 67. Be7 Bf3 68. Bf8 Be2 69. Bd6 Bf3 70. Be5 Bg2
71. Bd4 Bf3 72. Kg5 Kc6 73. Bf2 Kd7 74. h3 Kc6 75. Kf6 Kd7
76. Be3 Bg2 1/2-1/2

[Event "World Stars Sharjah Online International"]
[Site "ICC International"]
[Date "2020.06.12"]
[EventDate "2020.06.12"]
[Round "5"]
[Result "1-0"]
[White "Pentala Harikrishna"]
[Black "Radoslaw Wojtaszek"]
[WhiteElo "2719"]
[BlackElo "2719"]
[PlyCount "105"]

1. d4 Nf6 2. Nf3 d5 3. c4 e6 4. Nc3 Bb4 5. Bg5 h6 6. Bxf6 Qxf6
7. e3 O-O 8. Rc1 dxc4 9. Bxc4 c5 10. O-O cxd4 11. Nxd4 Bd7
12. Ne4 Qe7 13. a3 Ba5 14. Nb3 Bb6 15. Qd6 Qxd6 16. Nxd6 Bc6
17. Bb5 Bxb5 18. Nxb5 Nd7 19. Rfd1 Rfd8 20. Kf1 Nf6 21. Nd6
Nd5 22. Nc4 Kf8 23. e4 Nf6 24. Nxb6 Rxd1+ 25. Rxd1 axb6
26. Rd6 Ra6 27. Rd8+ Ke7 28. Rb8 Ra7 29. f3 Nd7 30. Rc8 b5
31. Nc5 Nxc5 32. Rxc5 b4 33. Rc7+ Kf6 34. axb4 Ra2 35. Rxb7
Rxb2 36. h4 h5 37. Kg1 Kg6 38. b5 e5 39. b6 f6 40. Rb8 Kh7
41. Kh2 g6 42. Kg1 Kg7 43. g4 hxg4 44. fxg4 Rb4 45. b7 Rb2
46. g5 fxg5 47. hxg5 Rb4 48. Kf2 Rb3 49. Ke2 Rb6 50. Kd3 Rb4
51. Kc3 Rb6 52. Kc4 Rb1 53. Kd5 1-0

[Event "World Stars Sharjah Online International"]
[Site "ICC INT"]
[Date "2020.06.13"]
[EventDate "2020.06.12"]
[Round "6"]
[Result "1-0"]
[White "Pentala Harikrishna"]
[Black "Rustam Kasimdzhanov"]
[WhiteElo "2719"]
[BlackElo "2661"]
[PlyCount "101"]

1. d4 d5 2. c4 e6 3. Nc3 c6 4. e4 dxe4 5. Nxe4 Bb4+ 6. Nc3 e5
7. a3 Bxc3+ 8. bxc3 Qa5 9. Bd2 Nf6 10. Nf3 Bg4 11. Be2 Nbd7
12. h3 Bxf3 13. Bxf3 O-O 14. O-O Rfe8 15. Re1 Qc7 16. Qb3 h6
17. a4 Rab8 18. g3 Qa5 19. Be3 Nf8 20. Qb4 Qxb4 21. cxb4 exd4
22. Bxd4 Rxe1+ 23. Rxe1 Ne6 24. Be3 a5 25. b5 c5 26. b6 Nd7
27. Rb1 Nd4 28. Bxd4 cxd4 29. Rb5 d3 30. Kf1 Rc8 31. Bg4 Rxc4
32. Bxd7 Rc1+ 33. Kg2 d2 34. Bg4 d1=Q 35. Bxd1 Rxd1 36. Rxa5
Rb1 37. Ra8+ Kh7 38. a5 Rb3 39. Ra7 Ra3 40. Rxb7 Rxa5 41. Rxf7
Kg6 42. Rc7 Rb5 43. b7 Rb3 44. g4 Kf6 45. h4 g6 46. f3 h5
47. g5+ Kf5 48. Kg3 Rb1 49. Rf7+ Ke5 50. Rf6 Rxb7 51. Rxg6 1-0

[Event "World Stars Sharjah Online International"]
[Site "ICC INT"]
[Date "2020.06.13"]
[EventDate "2020.06.12"]
[Round "7"]
[Result "1-0"]
[White "Pentala Harikrishna"]
[Black "Bassem Amin"]
[WhiteElo "2719"]
[BlackElo "2686"]
[PlyCount "75"]

1. e4 e5 2. Nf3 Nc6 3. Bb5 a6 4. Ba4 Nf6 5. O-O Be7 6. Re1 b5
7. Bb3 d6 8. c3 O-O 9. h3 Nb8 10. d4 Nbd7 11. Nbd2 Bb7 12. Bc2
Re8 13. Nf1 Bf8 14. Ng3 g6 15. b3 a5 16. a4 b4 17. cxb4 axb4
18. Bb2 Bh6 19. dxe5 dxe5 20. Bd3 Qe7 21. Qc2 Bf4 22. Ne2 Qc5
23. Nxf4 Qxc2 24. Bxc2 exf4 25. Rad1 Rad8 26. Ne5 Nxe5
27. Rxd8 Rxd8 28. Bxe5 Nh5 29. Rd1 Re8 30. Bxc7 Bxe4 31. Bxe4
Rxe4 32. a5 Re7 33. Bb6 Re6 34. a6 Rxb6 35. a7 Ra6 36. Rd8+
Kg7 37. a8=Q Rxa8 38. Rxa8 1-0

[Event "World Stars Sharjah Online International"]
[Site "ICC INT"]
[Date "2020.06.13"]
[EventDate "2020.06.12"]
[Round "8"]
[Result "1/2-1/2"]
[White "Shakhriyar Mamedyarov"]
[Black "Pentala Harikrishna"]
[WhiteElo "2764"]
[BlackElo "2719"]
[PlyCount "45"]

1. c4 e6 2. d4 d5 3. Nc3 Be7 4. Bf4 Nf6 5. e3 O-O 6. a3 b6
7. Rc1 c5 8. Nf3 Bb7 9. cxd5 Nxd5 10. Nxd5 exd5 11. Bd3 c4
12. Bb1 b5 13. h4 g6 14. h5 g5 15. Nh4 Bc8 16. Bxb8 Rxb8
17. Nf5 Bxf5 18. Bxf5 b4 19. axb4 Rxb4 20. Rc2 h6 21. O-O Qd6
22. Qe2 a5 23. e4 1/2-1/2